My Boy Only Breaks His Favorite Toys - Taylor Swift (All Lyrics) - Statistics

General Stats
  • This quiz has been taken 1,656 times
  • The average score is 267 of 310
Answer Stats
Lyrics % Correct
his
100%
he
99%
(He
99%
He
99%
I
99%
my
99%
My
99%
(My
99%
to
99%
a
98%
boy
98%
boy)
98%
breaks
98%
favorite
98%
Oh,
98%
oh
98%
oh,
98%
(Oh
98%
oh)
98%
on
98%
only
98%
toys,
98%
The
97%
the
97%
go
96%
in
96%
of
96%
we
96%
We
96%
I'm
94%
(I'm
94%
me
94%
me)
94%
again
93%
here
93%
sand
92%
when
92%
when,
92%
castles
91%
head
91%
was
91%
destroys,
90%
queen
90%
queen)
90%
But
89%
voices
89%
you
89%
first
87%
first,
87%
him
87%
it
87%
too
87%
at
86%
saw
85%
seen
85%
should've
85%
'Cause
83%
got
83%
just
82%
Just
82%
play
82%
best
81%
friend
81%
There
80%
there
80%
know
79%
time,
79%
time
79%
for
78%
much,
78%
say
78%
all
77%
mall
77%
so
76%
loves
75%
played
75%
up,
75%
And
74%
down
74%
He's
74%
heart
73%
out
73%
pretend
73%
that
73%
touch
73%
took
72%
doll
71%
fix
71%
gonna
71%
known
71%
matter
71%
not
71%
not,
71%
off
71%
this
71%
heat
70%
miss
70%
Purchased
70%
sickest
70%
days
69%
Once
69%
plastic
69%
smile
69%
army
68%
better
68%
box
68%
I'll
68%
myself
68%
our
68%
smashed
68%
tortured
68%
back
67%
broken
67%
forever,
67%
Stole
67%
tell
67%
Told
67%
why
67%
knew
66%
night
66%
repeating
66%
with
66%
felt
65%
Kens
65%
wild
65%
more
64%
shelf
64%
Because
63%
dead
63%
parts
63%
danger
62%
end
62%
I'd
62%
pieces
62%
reasons
62%
these
62%
Left
59%
puzzle
59%
right,
59%
Put
58%
runs
58%
could've
57%
sandlot
57%
Than
57%
keeps
55%
Called
53%
litany
51%
pull
50%
string
49%
fit
47%
rain
46%
descend
44%
Rivulets
42%
No matching quizzes found
Score Distribution
Percent of People with Each Score
Percentile by Number Answered
Your Score History
You have not taken this quiz